<?xml version="1.0" encoding="UTF-8"?><?xml-stylesheet type="text/xsl" href="static/style.xsl"?><OAI-PMH xmlns="http://www.openarchives.org/OAI/2.0/" xmlns:xsi="http://www.w3.org/2001/XMLSchema-instance" xsi:schemaLocation="http://www.openarchives.org/OAI/2.0/ http://www.openarchives.org/OAI/2.0/OAI-PMH.xsd"><responseDate>2026-04-17T03:00:22Z</responseDate><request verb="GetRecord" identifier="oai:www.recercat.cat:2445/223343" metadataPrefix="marc">https://recercat.cat/oai/request</request><GetRecord><record><header><identifier>oai:recercat.cat:2445/223343</identifier><datestamp>2025-12-05T14:30:04Z</datestamp><setSpec>com_2072_1057</setSpec><setSpec>col_2072_478917</setSpec><setSpec>col_2072_478923</setSpec></header><metadata><record xmlns="http://www.loc.gov/MARC21/slim" xmlns:dcterms="http://purl.org/dc/terms/" xmlns:xsi="http://www.w3.org/2001/XMLSchema-instance" xmlns:doc="http://www.lyncode.com/xoai" xsi:schemaLocation="http://www.loc.gov/MARC21/slim http://www.loc.gov/standards/marcxml/schema/MARC21slim.xsd">
   <leader>00925njm 22002777a 4500</leader>
   <datafield ind2=" " ind1=" " tag="042">
      <subfield code="a">dc</subfield>
   </datafield>
   <datafield ind2=" " ind1=" " tag="720">
      <subfield code="a">Pradell, Trinitat</subfield>
      <subfield code="e">author</subfield>
   </datafield>
   <datafield ind2=" " ind1=" " tag="720">
      <subfield code="a">Cañellas, Sílvia</subfield>
      <subfield code="e">author</subfield>
   </datafield>
   <datafield ind2=" " ind1=" " tag="720">
      <subfield code="a">Bonet, Jordi</subfield>
      <subfield code="e">author</subfield>
   </datafield>
   <datafield ind2=" " ind1=" " tag="720">
      <subfield code="a">Garcia Vallès, Maite</subfield>
      <subfield code="e">author</subfield>
   </datafield>
   <datafield ind2=" " ind1=" " tag="720">
      <subfield code="a">Santolària, Anna</subfield>
      <subfield code="e">author</subfield>
   </datafield>
   <datafield ind2=" " ind1=" " tag="260">
      <subfield code="c">2025-09-23T06:21:32Z</subfield>
   </datafield>
   <datafield ind2=" " ind1=" " tag="260">
      <subfield code="c">2025-09-23T06:21:32Z</subfield>
   </datafield>
   <datafield ind2=" " ind1=" " tag="260">
      <subfield code="c">2025-07-01</subfield>
   </datafield>
   <datafield ind2=" " ind1=" " tag="260">
      <subfield code="c">2025-09-23T06:21:34Z</subfield>
   </datafield>
   <datafield ind2=" " ind1=" " tag="520">
      <subfield code="a">The production and distribution of stained glass in Mediterranean Europe during the Middle Ages remains inadequately&lt;/p>&lt;p>understood. This article focuses on Catalonia, where local glass production is documented as early as the&lt;/p>&lt;p>13th century, but little is known about the production of window glass. This study analyses a collection of stained&lt;/p>&lt;p>glass fragments from Girona Cathedral, dating from the 13th to the 16th century, some of which is the work of&lt;/p>&lt;p>renowned master glassmakers. The data obtained is compared with contemporary stained glass documented&lt;/p>&lt;p>from other parts of Europe, and with a collection of 15th and 16th century archaeological window glass from&lt;/p>&lt;p>Barcelona. The data is also contrasted with historical documentation on glass production in Catalonia. The findings&lt;/p>&lt;p>reveal that the glass from Girona from the 13th and 14th centuries is of the potassium-lime type, similar to&lt;/p>&lt;p>that produced in the workshops of north-western France. By the late 14th and 15th centuries, the composition&lt;/p>&lt;p>aligns more closely with that of north-eastern France. In the 16th century, however, the glass changes to a sodalime&lt;/p>&lt;p>composition, similar to the glass found in Barcelona, suggesting a transition from central European to&lt;/p>&lt;p>Mediterranean sources, and indicates a change in the raw materials involving the use of soda-lime plant ash instead&lt;/p>&lt;p>of potassium-lime forest ash. These results indicate that the production of window glass shifted from France&lt;/p>&lt;p>to Barcelona at the close of the 15th century.</subfield>
   </datafield>
   <datafield tag="653" ind2=" " ind1=" ">
      <subfield code="a">Vidre ornamental</subfield>
   </datafield>
   <datafield tag="653" ind2=" " ind1=" ">
      <subfield code="a">Vitralls</subfield>
   </datafield>
   <datafield tag="653" ind2=" " ind1=" ">
      <subfield code="a">Catedrals</subfield>
   </datafield>
   <datafield tag="653" ind2=" " ind1=" ">
      <subfield code="a">Edat mitjana</subfield>
   </datafield>
   <datafield tag="653" ind2=" " ind1=" ">
      <subfield code="a">Vidre</subfield>
   </datafield>
   <datafield tag="653" ind2=" " ind1=" ">
      <subfield code="a">Girona (Catalunya)</subfield>
   </datafield>
   <datafield tag="653" ind2=" " ind1=" ">
      <subfield code="a">Ornamental glass</subfield>
   </datafield>
   <datafield tag="653" ind2=" " ind1=" ">
      <subfield code="a">Glass painting and staining</subfield>
   </datafield>
   <datafield tag="653" ind2=" " ind1=" ">
      <subfield code="a">Cathedrals</subfield>
   </datafield>
   <datafield tag="653" ind2=" " ind1=" ">
      <subfield code="a">Middle Ages</subfield>
   </datafield>
   <datafield tag="653" ind2=" " ind1=" ">
      <subfield code="a">Glass</subfield>
   </datafield>
   <datafield tag="653" ind2=" " ind1=" ">
      <subfield code="a">Girona (Catalonia)</subfield>
   </datafield>
   <datafield ind2="0" ind1="0" tag="245">
      <subfield code="a">The medieval stained glass in Catalonia: Girona cathedral</subfield>
   </datafield>
</record></metadata></record></GetRecord></OAI-PMH>